000 00680nam a2200241Ia 4500
005 20260430150602.0
008 008 250103s9999 xx 000 0 eng d
037 _aTheses
040 _aCRL
040 _beng
040 _ceng
041 _2eng
041 _aeng
084 _qCRL
100 _aNitesh Kumar Au.; Singh H. P. Gu.; Prugniel Philippe Gu.
_91237924
245 0 _aAutomated Analysis of Stellar Photometric and Spectroscopic Astronomical Data
260 _c2024
300 _a203p.
650 _aPsychology
700 _aUniversity of Delhi. Faculty of Science. Deptt. of Physics & Astrophysics
_91237110
942 _cTH
999 _c1850139
_d1850139